|
|
|
|
| LEADER |
00738nam#a2200253#a#4500 |
| 001 |
001005 |
| 005 |
20160721141838.0 |
| 008 |
950628s1979####ag##################spa#d |
| 040 |
|
|
|a AR-BeUNQ
|
| 099 |
|
|
|a 03-D3
|
| 100 |
1 |
|
|a Derisi, Octavio N
|
| 245 |
0 |
2 |
|a Escencia y vida de la persona humana
|c Octavio N Derisi.
|
| 260 |
|
|
|a Buenos Aires :
|b Eudeba,
|c 1979
|
| 300 |
|
|
|a 211 p
|
| 490 |
0 |
|
|a Ensayos
|
| 650 |
|
7 |
|a DERECHO NATURAL
|2 spines
|
| 650 |
|
7 |
|a CONFLICTO DE VALORES
|2 spines
|
| 650 |
|
7 |
|a VALORES INDIVIDUALES
|2 spines
|
| 650 |
|
7 |
|a SERES HUMANOS
|2 spines
|
| 650 |
|
7 |
|a FILOSOFIA
|2 spines
|
| 650 |
|
7 |
|a CREENCIAS RELIGIOSAS
|2 spines
|
| 929 |
|
|
|a COMPRA
|b Eudeba
|c Exp. 827-0207/95
|d 4,90
|e 1995
|j 11305
|
| 942 |
|
|
|c LIB
|n 0
|
| 999 |
|
|
|c 3806
|d 79193
|